BIBLIOTHÈQUE DE LA MAISON DU MEXIQUE

Logo 1 Logo 2

Tres aproximaciones a la cultura chicana (notice nᵒ 2497)

détails MARC
000 -Sello discográfico
campo de control de longitud fija 01092nam a2200337 4500
005 - Identificación de versión
campo de control 20251016083326.0
010 ## - Número Estándar Internacional de Libros (ISBN)
Número (ISBN) 968-810-403-5
035 ## - Otros números de control del sistema
Número de control del sistema 3863
099 ## - fechas locales
Tipo de ítem Koha LIBRO
100 ## - Datos de procesamiento general
Datos de procesamiento general 20120214d1993 m y1spay5003 ba
105 ## - Campo de datos codificados: Material textual, monográfico
Datos codificados de monografía y 001zy
200 1# - Título y mención de responsabilidad
Título propio Tres aproximaciones a la cultura chicana
Designación general del material texto impreso
Primer mención de responsabilidad Salvador Güereña, Richard Griswold del Castillo, Luis Leal
205 ## - Declaración de edición
Declaración de edición 1a ed
210 ## - Publicación, distribución, etc.
Lugar de publicación, distribución, etc. México
Nombre del editor, distribuidor, etc. Secretaría de Relaciones Exteriores
Fecha de publicación, distribución, etc. 1993
215 ## - Descripción física
Designación de material específico y extensión del ítem 34 p
Dimensiones 23 cm
320 ## - Nota de índices/bibliografías internas
Texto de la nota Incluye bibliografía: p.33-34
345 ## - Nota de información de adquisición
Fuente de adquisición/dirección de la suscripción [OBSOLETO] Donación
410 #1 - Series
Título Cuadernos del Acervo Histórico Diplomático
606 ## - Término temático usado como materia
Elemento de entrada Mexicano-americanos
Subdivisión temática Cultura
Número Koha 5718
660 ## - Código de área geográfica
Código MX
700 ## - Nombre personal - Responsabilidad primaria
Elemento de entrada Güereña
Parte del nombre distinta del elemento de entrada Salvador
Número Koha 5719
701 ## - Nombre personal - Responsabilidad alternativa
Elemento de entrada Castillo
Parte del nombre distinta del elemento de entrada Richard Griswold del
Número Koha 5720
701 ## - Nombre personal - Responsabilidad alternativa
Elemento de entrada Leal
Parte del nombre distinta del elemento de entrada Luis
Fechas 1907-2010
Número Koha 5721
801 #0 - Fuente de origen
País FR
Agencia cm
Reglas de catalogación (convenciones descriptivas) AFNOR
900 ## -
-- 1/15324
900 ## -
-- 710986891\\070198
942 ## - ELEMENTOS DE ENTRADA SECUNDARIOS (KOHA)
Tipo de ítem Koha Livre
996 ## -
-- MEX
-- 751145101
-- MMAG
-- 001811
-- 301.45 G931T
-- 20120214LIV
Exemplaires
Estatus retirado Estado de daño Estado de pérdida Fecha de adquisición Biblioteca de origen Biblioteca actual Ubicación en estantería Código de barras Precio de reemplazo Signatura topográfica completa No para préstamo Tipo de ítem Koha Nota pública Nota no pública
      05/08/2025 Casa México Paris Casa México Paris   001811 05/08/2025 301.45 G931T   Livre 20120214LIV 751145101